Hiszpańskie kluby. - Statystyki

Ogólne statystyki
  • Ten quiz został rozwiązany 33 razy
  • Średni wynik to 14 z 21
Statystyki odpowiedzi
Obrazkowy Odpowiedź % Poprawnych
Real Madryt
100%
Barcelona
96%
Atletico Madryt
92%
Real Betis
88%
Girona
83%
Real Sociedad
83%
Valencia
79%
Athletic Bilbao
75%
Mallorca
75%
Espanyol
67%
Getafe
67%
Osasuna
67%
Sevilla
67%
Deportivo Alaves
58%
Celta Vigo
54%
Elche
50%
Levante
50%
Villarreal
46%
Real Valladolid
38%
Real Oviedo
33%
Mirandes
17%
Nie znaleziono quizów pasujących do podanych kryteriów
Rozkład punktacji
Procent ludzi z każdym wynikiem
Percentyl według liczby udzielonych odpowiedzi
Twoja historia wyników
Nie rozwiązałeś tego quizu